000 00359nam a2200157Ia 4500
003 0STCL
008 150530s9999 xx 000 0 und d
040 _aSTCL
_cSTCL
100 _aGray Thomas; Collins, A.J.P.; Ed
245 _aPoems of Thomas Gray
260 _c1970
546 _aEnglish
942 _2ddc
_cBK
999 _c53620
_d53620
005 20220125170919.0